La hiperescolarización de los niños: las actividades extraescolares, una presión añadida para tus hijos
সংরক্ষণ করুন:
| প্রধান লেখক: | , |
|---|---|
| বিন্যাস: | গ্রন্থ |
| ভাষা: | স্প্যানিশ |
| প্রকাশিত: |
Barcelona
Paidós Ibérica
2002
|
| মালা: | Guías para Padres, 66
|
| বিষয়গুলি: | |
| ট্যাগগুলো: |
ট্যাগ যুক্ত করুন
কোনো ট্যাগ নেই, প্রথমজন হিসাবে ট্যাগ করুন!
|
MARC
| LEADER | 00000nam a2200000 a 4500 | ||
|---|---|---|---|
| 001 | UCJ2194 | ||
| 003 | CL-VaPUC | ||
| 008 | 061201e20020000SP |||||||||||||||||spa|d | ||
| 020 | |a 8449312817 | ||
| 082 | 0 | 4 | |a 155.4 |b ROS |2 21 |
| 100 | 0 | |a Rosenfeld, Alvin |e author |9 503112 | |
| 700 | 0 | |a Wise, Nicole |e author |9 503113 | |
| 245 | 1 | 3 | |a La hiperescolarización de los niños: las actividades extraescolares, una presión añadida para tus hijos |
| 300 | |a 262 p | ||
| 942 | |c BK | ||
| 945 | |d 20061201 00:00:00 |a cmena | ||
| 260 | |a Barcelona |b Paidós Ibérica |c 2002 | ||
| 650 | 0 | |a Psicología del niño |9 307305 | |
| 650 | 7 | |a ROL DE LOS PADRES |2 CL-VaPUC |9 338980 | |
| 650 | 0 | |a Cambio social |9 256857 | |
| 650 | 7 | |a STRESS |2 CL-VaPUC |9 311386 | |
| 583 | |a last modification |c 20061201 00:00:00 |k Rodrigo Vera | ||
| 490 | 0 | |a Guías para Padres, 66 | |
| 999 | |c 318544 |d 318542 | ||
| 952 | |0 0 |1 0 |4 0 |6 155_400000000000000_ROS_2002 |7 0 |8 A |9 396387 |a BIBEDU |b BIBEDU |d 2019-11-22 |i 4303814 |o 155.4 ROS 2002 |p 4303814 |r 2019-11-22 |w 2019-11-22 |y BK |k EBA | ||
| 952 | |0 0 |1 0 |4 0 |6 155_400000000000000_ROS_2002 |7 0 |8 A |9 396388 |a BIBEDU |b BIBEDU |d 2019-11-22 |i 4328027 |o 155.4 ROS 2002 |p 4328027 |r 2019-11-22 |w 2019-11-22 |y BK |k EBA | ||
| 952 | |0 0 |1 0 |4 0 |6 155_400000000000000_ROS_2002 |7 0 |8 A |9 396389 |a BIBEDU |b BIBEDU |d 2019-11-22 |i 4502361 |o 155.4 ROS 2002 |p 4502361 |r 2019-11-22 |w 2019-11-22 |y BK |k EPE | ||